Agricultural exports and the growth of agriculture in India

Salvato in:
Dettagli Bibliografici
Autore principale: Ramphul, Ohlan
Natura: Capitolo di libro
Lingua:inglese
Soggetti:
Tags: Aggiungi Tag
Nessun Tag, puoi essere il primo ad aggiungerne!!

MARC

LEADER 00000naa a2200000 4500
001 0173911
005 20231211070949.9
041 0 |a eng 
044 |a CZ 
245 1 0 |a Agricultural exports and the growth of agriculture in India  |c Ohlan Ramphul 
610 2 0 |a výrobky poľnohospodárske 
610 2 0 |a vývoz 
610 2 0 |a poľnohospodárstvo 
610 2 0 |a produkt domáci hrubý 
610 2 0 |a rast hospodársky 
610 2 0 |a India 
100 1 |a Ramphul, Ohlan